000 01088cam a2200133 4500500
005 20260405022018.0
041 _afre
042 _adc
100 1 0 _aChevalier, Brigitte
_eauthor
245 0 0 _aLecture et prise de notes
260 _bArmand Colin,
_c2010.
520 _aCe livre a pour but de permettre aux étudiants, quelle que soit leur discipline, d'acquérir des méthodes performantes en particulier dans les domaines de la lecture et de la prise de notes, mais aussi dans les domaines de la mémoire et de l'organisation du travail. Grâce à l'apport des neurosciences, il propose à l'étudiant de découvrir son propre fonctionnement mental et, de ce fait, lui permet de mieux exploiter son potentiel intellectuel. Après avoir déterminé son profil cérébral dominant à l'aide de tests, l'étudiant pourra suivre l'itinéraire méthodologique qui lui convient, et trouver dans l'ouvrage des gammes d'entraînement accompagnées de leurs corrigés.
856 4 1 _uhttps://shs.cairn.info/lecture-et-prise-de-notes--9782200353339?lang=fr&redirect-ssocas=7080
999 _c2128914
_d2128914